[Event "Piacenza Region-ch"]
[Site "Piacenza"]
[Date "2023.01.15"]
[Round "4"]
[White "De Joannon, Giulio"]
[Black "Florescu, Emanuel"]
[Result "0-1"]
[WhiteElo "1277"]
[BlackElo "1022"]
[PlyCount "118"]
[EventDate "2023.01.13"]
[EventType "swiss"]
[EventRounds "5"]
[EventCountry "ITA"]
[SourceTitle "CBM 212 Extra"]
[Source "ChessBase"]
[SourceDate "2023.03.31"]
[SourceVersion "1"]
[SourceVersionDate "2023.03.31"]
[SourceQuality "1"]

1. d4 Nf6 2. Nf3 g6 3. e3 Bg7 4. Be2 d6 5. 0-0 0-0 6. b4 Bd7 7. Nbd2 a6 8. a4 c6 9. c3 Be6 10. Bb2 Nbd7 11. Qc2 Qc7 12. c4 Rfc8 13. c5 b5 14. cxb6 Qxb6 15. Ba3 a5 16. Rab1 axb4 17. Rxb4 Qc7 18. Rfb1 Rab8 19. Rxb8 Rxb8 20. Rxb8+ Nxb8 21. Ng5 Qd7 22. Nxe6 Qxe6 23. Bf3 d5 24. a5 Qd7 25. Qb3 Na6 26. Qb6 Nc7 27. a6 Nb5 28. Bc5 Ne8 29. Be2 Qc7 30. a7 Nxa7 31. Qxa7 Qxa7 32. Bxa7 e5 33. Nb3 exd4 34. Bxd4 Bxd4 35. exd4 Nd6 36. Bd3 Nc8 37. Kf1 Kg7 38. Ke2 Kf6 39. Na5 Ne7 40. Ba6 Kf5 41. Ke3 Ke6 42. Kd3 Kd6 43. Nb7+ Kd7 44. Nc5+ Kd6 45. g4 f6 46. Ke3 h5 47. h3 h4 48. Bd3 g5 49. Bf5 Kc7 50. Nd7 Nxf5+ 51. gxf5 Kxd7 52. f3 Kd6 53. Kd3 c5 54. dxc5+ Kxc5 55. Kc3 d4+ 56. Kd3 Kd5 57. Kd2 Ke5 58. Kd3 Kxf5 59. Kxd4 Kf4 0-1